| 000 | 00989nam a2200241 i 4500 | ||
|---|---|---|---|
| 001 | 57642 | ||
| 003 | ES-MaACL | ||
| 005 | 20250731063029.0 | ||
| 007 | t| | ||
| 008 | 031017m19631970sp ||||1| spa d | ||
| 100 | 1 |
_aDomínguez Ortiz, Antonio, _d1909-2003 _945233 |
|
| 245 | 1 | 3 |
_aLa sociedad española en el siglo XVII / _cAntonio Domínguez Ortiz. |
| 260 |
_aMadrid : _bConsejo Superior de Investigaciones Científicas, Instituto Balmes de Sociología, Departamento de Historia Social, _c1963-1970. |
||
| 300 |
_a2 v. ; _c26 cm. |
||
| 490 | 1 |
_aMonografías histórico-sociales ; _v7, 8 |
|
| 651 | 4 |
_aEspaña- _xSituación social- _y1598-1621. _9168065 |
|
| 651 | 4 |
_aEspaña- _xSituación social- _y1621-1665. _9167783 |
|
| 651 | 4 |
_aEspaña- _xSituación social- _y1665-1700. _9168066 |
|
| 710 | 2 |
_aInstituto Balmes de Sociología. _94799 |
|
| 830 | 0 |
_aMonografías histórico-sociales ; _v7, 8 _9183425 |
|
| 852 |
_aES-MaACL _jP-747-Ter _bR.53726 |
||
| 999 |
_c57642 _d57642 |
||